[Event "Oberliga Ost B 2017 2018"]
[Site "Germany"]
[Date "2018.02.25"]
[Round "8.3"]
[White "Nazarenus, Moritz"]
[Black "Richter, Dustin"]
[Result "0-1"]
[WhiteElo "2241"]
[BlackElo "2176"]
[PlyCount "78"]
[EventDate "2017.10.22"]
[EventType "team-tourn"]
[EventCountry "GER"]
[WhiteTeam "Schoeneck SF"]
[BlackTeam "Sangerhausen SV"]
[WhiteTeamCountry "GER"]
[BlackTeamCountry "GER"]

1. d4 Nf6 2. c4 g6 3. Nc3 Bg7 4. e4 d6 5. f3 O-O 6. Be3 a6 7. Qd2 Nbd7 8. Nh3
c5 9. d5 b5 10. cxb5 Qa5 11. Be2 Nb6 12. Nf2 axb5 13. Nxb5 Bd7 14. Nc7 Qxd2+
15. Bxd2 Ra7 16. Nb5 Bxb5 17. Bxb5 Rb8 18. Bd3 Na4 19. Nd1 Nxb2 20. Nxb2 Rxb2
21. a4 Nd7 22. Ra3 c4 23. Be2 Rb1+ 24. Bd1 Bb2 25. Be3 Ra8 26. Ra2 Bc3+ 27. Ke2
Rab8 28. f4 f5 29. exf5 gxf5 30. Rc2 R8b2 31. Rxb2 Rxb2+ 32. Kf3 Ra2 33. Rf1
Nf6 34. Rf2 Ra3 35. Ke2 Nxd5 36. Ba7 Ra2+ 37. Kf3 Ra3 38. Ke2 Ba5 39. Bc2 Nc3+
0-1

[Event "Oberliga Ost B 2017 2018"]
[Site "Germany"]
[Date "2018.02.25"]
[Round "8.4"]
[White "Hillmann, Michael"]
[Black "Schaack, Harry"]
[Result "0-1"]
[WhiteElo "2159"]
[BlackElo "2207"]
[PlyCount "80"]
[EventDate "2017.10.22"]
[EventType "team-tourn"]
[EventCountry "GER"]
[WhiteTeam "Sangerhausen SV"]
[BlackTeam "Schoeneck SF"]
[WhiteTeamCountry "GER"]
[BlackTeamCountry "GER"]

1. d4 Nf6 2. Bg5 Ne4 3. Bf4 d5 4. e3 c5 5. c3 Nc6 6. Bd3 g5 7. Bg3 cxd4 8. exd4
h5 9. Bxe4 dxe4 10. h4 gxh4 11. Rxh4 Qd5 12. Qb3 Qg5 13. d5 Na5 14. Qd1 Bg7 15.
Rxe4 Qg6 16. Qe2 Bf6 17. Nd2 h4 18. Bd6 Kf8 19. Bxe7+ Bxe7 20. Rxe7 Be6 21.
Rxe6 fxe6 22. O-O-O exd5 23. Ndf3 Rd8 24. Ne5 Qf5 25. Rd3 Kg7 26. Nh3 Rhe8 27.
f4 Nc6 28. g4 Qf6 29. Re3 d4 30. g5 Qf5 31. cxd4 Nxd4 32. Qg2 Rc8+ 33. Rc3
Rxc3+ 34. bxc3 Nc6 35. Nxc6 Re1+ 36. Kd2 Qb1 37. Nf2 Qc1+ 38. Kd3 Re3+ 39. Kd4
Qxc3+ 40. Kd5 Qxc6+ 0-1

[Event "Oberliga Ost B 2017 2018"]
[Site "Germany"]
[Date "2018.02.25"]
[Round "8.5"]
[White "Everett, Elijah"]
[Black "Hellwig, Tobias"]
[Result "1/2-1/2"]
[WhiteElo "2168"]
[BlackElo "2197"]
[PlyCount "100"]
[EventDate "2017.10.22"]
[EventType "team-tourn"]
[EventCountry "GER"]
[WhiteTeam "Schoeneck SF"]
[BlackTeam "Sangerhausen SV"]
[WhiteTeamCountry "GER"]
[BlackTeamCountry "GER"]

1. e4 Nf6 2. e5 Nd5 3. d4 d6 4. c4 Nb6 5. f4 g6 6. Nc3 Bg7 7. Be3 Be6 8. Nf3
O-O 9. b3 c5 10. dxc5 N6d7 11. cxd6 exd6 12. Rc1 dxe5 13. Be2 Nc6 14. O-O exf4
15. Bxf4 Qb6+ 16. Kh1 Nf6 17. Nb5 Ne4 18. Qe1 Rac8 19. Bd3 Nc5 20. Bb1 a6 21.
Nd6 Rcd8 22. Ng5 Rd7 23. Qh4 h6 24. Nxe6 Nxe6 25. Bg3 Qd8 26. Ne4 Qxh4 27. Bxh4
f5 28. Nc3 Nb4 29. a3 Nd3 30. Rcd1 Bxc3 31. Rxd3 Rxd3 32. Bxd3 Nc5 33. Be7 Rc8
34. Bc2 Ne4 35. Rf3 Re8 36. Bxe4 Rxe7 37. Rxc3 fxe4 38. Kg1 Kg7 39. Kf2 Kf6 40.
Ke3 Ke5 41. c5 Rd7 42. b4 Rd1 43. c6 bxc6 44. Rxc6 Rd3+ 45. Ke2 Rxa3 46. Rxg6
h5 47. Rg5+ Kf4 48. Ra5 Rb3 49. g3+ Kg4 50. Rxa6 Rxb4 1/2-1/2

[Event "Oberliga Ost B 2017 2018"]
[Site "Germany"]
[Date "2018.02.25"]
[Round "8.6"]
[White "Heyder, Florian"]
[Black "Meyer, Kai Christian"]
[Result "1/2-1/2"]
[WhiteElo "2174"]
[BlackElo "2158"]
[PlyCount "70"]
[EventDate "2017.10.22"]
[EventType "team-tourn"]
[EventCountry "GER"]
[WhiteTeam "Sangerhausen SV"]
[BlackTeam "Schoeneck SF"]
[WhiteTeamCountry "GER"]
[BlackTeamCountry "GER"]

1. e4 c6 2. d4 d5 3. e5 Bf5 4. Nf3 e6 5. Be2 Ne7 6. O-O Nd7 7. Nh4 Bg6 8. Bg5
Qb6 9. b3 Nf5 10. Nxg6 hxg6 11. c3 Be7 12. Bxe7 Nxe7 13. Nd2 c5 14. Nf3 cxd4
15. cxd4 Nf5 16. Qd3 Nb8 17. g4 Nh4 18. Ng5 f6 19. exf6 gxf6 20. Nh3 Nc6 21.
Rad1 O-O-O 22. Nf4 Qc7 23. Qg3 Rd6 24. Rfe1 g5 25. Ng2 Nxg2 26. Kxg2 Rd7 27.
Bb5 Rdh7 28. Qxc7+ Kxc7 29. Rxe6 Rxh2+ 30. Kf3 R2h3+ 31. Ke2 Nb4 32. Kd2 Rf3
33. Ke2 Rfh3 34. Kd2 Rf3 35. Ke2 Rfh3 1/2-1/2

[Event "Oberliga Ost B 2017 2018"]
[Site "Germany"]
[Date "2018.02.25"]
[Round "8.7"]
[White "Timpel, Klaus"]
[Black "Guenther, Christian"]
[Result "0-1"]
[WhiteElo "2167"]
[BlackElo "2137"]
[PlyCount "68"]
[EventDate "2017.10.22"]
[EventType "team-tourn"]
[EventCountry "GER"]
[WhiteTeam "Schoeneck SF"]
[BlackTeam "Sangerhausen SV"]
[WhiteTeamCountry "GER"]
[BlackTeamCountry "GER"]

1. e4 Nf6 2. d3 d5 3. e5 Nfd7 4. d4 c5 5. c3 Nc6 6. Nf3 e6 7. Be2 Be7 8. O-O
cxd4 9. cxd4 f6 10. exf6 Bxf6 11. Nc3 a6 12. Re1 O-O 13. Bf1 Re8 14. g3 b5 15.
Bh3 Nf8 16. Ne5 Nxe5 17. dxe5 Be7 18. Be3 Bb7 19. Ne2 Bb4 20. Rf1 Rc8 21. a4
bxa4 22. Rxa4 a5 23. Nd4 Ba6 24. Qg4 Bxf1 25. Bxf1 Qc7 26. Bb5 Qxe5 27. Nc6
Qxb2 28. Nxb4 axb4 29. Rxb4 Qf6 30. Bxe8 Rxe8 31. Rb7 h6 32. Qa4 Rd8 33. Bb6
Rc8 34. f4 Qb2 0-1

[Event "Oberliga Ost B 2017 2018"]
[Site "Germany"]
[Date "2018.02.25"]
[Round "8.8"]
[White "Duchrow, Oliver"]
[Black "Meyer Cording, Claus"]
[Result "1-0"]
[WhiteElo "2039"]
[BlackElo "2078"]
[PlyCount "93"]
[EventDate "2017.10.22"]
[EventType "team-tourn"]
[EventCountry "GER"]
[WhiteTeam "Sangerhausen SV"]
[BlackTeam "Schoeneck SF"]
[WhiteTeamCountry "GER"]
[BlackTeamCountry "GER"]

1. e4 e5 2. Nf3 Nc6 3. Bb5 a6 4. Bxc6 dxc6 5. O-O f6 6. d4 exd4 7. Nxd4 c5 8.
Ne2 Qxd1 9. Rxd1 Be6 10. Nbc3 Bd6 11. Be3 O-O-O 12. Rd2 Ne7 13. Rad1 b6 14. Na4
Kb7 15. Bxc5 Nc8 16. Bxd6 Rxd6 17. b3 Rhd8 18. Rxd6 Rxd6 19. Rxd6 Nxd6 20. f3
c5 21. Kf2 Kc6 22. Ke3 b5 23. Nb2 Bf7 24. g4 h5 25. h4 hxg4 26. fxg4 a5 27. h5
Be6 28. Kf4 Nf7 29. Nd1 Kd6 30. Ne3 Ke7 31. Nc3 Nd6 32. Nf5+ Nxf5 33. exf5 Bd7
34. Nd5+ Kf7 35. a3 Bc6 36. Ne3 a4 37. bxa4 bxa4 38. Nc4 Ke7 39. g5 fxg5+ 40.
Kxg5 Be4 41. c3 Bb1 42. Ne3 Kf7 43. Ng4 Bc2 44. Ne5+ Ke7 45. Kg6 Kd6 46. Ng4
Bd3 47. Ne3 1-0

[Event "Oberliga Ost B 2017 2018"]
[Site "Germany"]
[Date "2018.03.18"]
[Round "9.1"]
[White "Henrich, Thomas"]
[Black "Teske, Henrik"]
[Result "0-1"]
[WhiteElo "2310"]
[BlackElo "2471"]
[PlyCount "76"]
[EventDate "2017.10.22"]
[EventType "team-tourn"]
[EventCountry "GER"]
[WhiteTeam "Marburg SK"]
[BlackTeam "Erfurt SV Empor"]
[WhiteTeamCountry "GER"]
[BlackTeamCountry "GER"]

1. e4 c5 2. Nf3 Nc6 3. d4 cxd4 4. Nxd4 e6 5. Nc3 a6 6. Be3 Nf6 7. Nxc6 bxc6 8.
e5 Nd5 9. Nxd5 cxd5 10. Qd4 Bb7 11. Bd3 Rc8 12. O-O Bc5 13. Qg4 g6 14. Bh6 Bf8
15. Bxf8 Rxf8 16. Qb4 Qc7 17. Rae1 h5 18. Qf4 Qb6 19. Re3 Qxb2 20. Rg3 Rc3 21.
h4 a5 22. Qd4 Bc6 23. Qa7 Qb4 24. Rf3 Qc5 25. Qc7 Ke7 26. Rf4 d4 27. Bxg6 Bxg2
28. Qd6+ Qxd6 29. exd6+ Kxd6 30. Kxg2 Rg8 31. Rxd4+ Ke7 32. Rfd1 Rxg6+ 33. Kf1
d5 34. Ra4 Rxc2 35. Rd3 Rg4 36. Rxa5 Rf4 37. Ra7+ Kf6 38. Kg1 Rcxf2 0-1

[Event "Oberliga Ost B 2017 2018"]
[Site "Germany"]
[Date "2018.03.18"]
[Round "9.3"]
[White "Alber, Horst"]
[Black "Friedrich, Wiede"]
[Result "1-0"]
[WhiteElo "2296"]
[BlackElo "2334"]
[PlyCount "37"]
[EventDate "2017.10.22"]
[EventType "team-tourn"]
[EventCountry "GER"]
[WhiteTeam "Marburg SK"]
[BlackTeam "Erfurt SV Empor"]
[WhiteTeamCountry "GER"]
[BlackTeamCountry "GER"]

1. d4 Nf6 2. c4 e6 3. Nf3 d5 4. Nc3 c6 5. e3 Nbd7 6. Bd3 dxc4 7. Bxc4 b5 8. Bb3
c5 9. Nxb5 Ba6 10. a4 Qb6 11. O-O cxd4 12. exd4 Bxb5 13. axb5 Qxb5 14. Ne5 Bd6
15. Ba4 Qb6 16. Be3 Qc7 17. Rc1 Bxe5 18. dxe5 Qxe5 19. Bd4 1-0

[Event "Oberliga Ost B 2017 2018"]
[Site "Germany"]
[Date "2018.03.18"]
[Round "9.5"]
[White "Rolle, Eric"]
[Black "Weishaeutel, Moritz"]
[Result "0-1"]
[WhiteElo "2196"]
[BlackElo "1983"]
[PlyCount "80"]
[EventDate "2017.10.22"]
[EventType "team-tourn"]
[EventCountry "GER"]
[WhiteTeam "Marburg SK"]
[BlackTeam "Erfurt SV Empor"]
[WhiteTeamCountry "GER"]
[BlackTeamCountry "GER"]

1. Nf3 Nf6 2. c4 e6 3. g3 d5 4. Bg2 Be7 5. O-O O-O 6. Qc2 dxc4 7. Qxc4 a6 8. d3
b5 9. Qc2 Bb7 10. a4 Nbd7 11. Bd2 c5 12. b3 Qb6 13. Nc3 Rac8 14. e4 Rfd8 15.
Bf4 c4 16. bxc4 bxc4 17. Rab1 cxd3 18. Qxd3 Qa5 19. Rxb7 Nc5 20. Qb1 Nxb7 21.
Qxb7 Rxc3 22. Bd2 Rxd2 23. Nxd2 Bf8 24. e5 Ng4 25. Nf3 Rc7 26. Qe4 Qb4 27. Qxb4
Bxb4 28. h3 Nh6 29. Rd1 Kf8 30. Ng5 Ke7 31. Bf1 a5 32. Nxh7 Bc3 33. f4 Nf5 34.
Bb5 Nxg3 35. Ng5 Nh5 36. Ne4 Bb4 37. Nd6 Nxf4 38. h4 Nd5 39. Ne4 Nc3 40. Nxc3
Bxc3 0-1

[Event "Oberliga Ost B 2017 2018"]
[Site "Germany"]
[Date "2018.03.18"]
[Round "9.6"]
[White "Wiemers, Holger"]
[Black "Duncker, Joachim"]
[Result "1-0"]
[WhiteElo "1975"]
[BlackElo "2243"]
[PlyCount "81"]
[EventDate "2017.10.22"]
[EventType "team-tourn"]
[EventCountry "GER"]
[WhiteTeam "Erfurt SV Empor"]
[BlackTeam "Marburg SK"]
[WhiteTeamCountry "GER"]
[BlackTeamCountry "GER"]

1. d4 Nf6 2. Nf3 d5 3. e3 e6 4. Bd3 b6 5. b3 Bb7 6. Bb2 Bd6 7. Nbd2 O-O 8. O-O
c5 9. Ne5 Nc6 10. a3 Rc8 11. f4 Ne7 12. Qf3 b5 13. dxc5 Bxc5 14. Bd4 Bxd4 15.
exd4 Nf5 16. Bxf5 exf5 17. Qd3 Ne4 18. Rfc1 f6 19. Nef3 Qd6 20. g3 Rc3 21. Qe2
Rfc8 22. Ne1 R3c7 23. Ndf3 Nc3 24. Qd3 Re8 25. Kf1 Qe6 26. b4 Qc8 27. Nd2 Rce7
28. Ng2 Ne4 29. Nb3 Qc4 30. Nc5 Nxc5 31. bxc5 Re4 32. Re1 Bc6 33. Rxe4 Qxd3+
34. cxd3 dxe4 35. dxe4 Rxe4 36. Rd1 Bd5 37. Kf2 Re7 38. Ne3 Be4 39. d5 Rb7 40.
c6 Rb8 41. c7 1-0

[Event "Oberliga Ost B 2017 2018"]
[Site "Germany"]
[Date "2018.03.18"]
[Round "9.7"]
[White "Neidhardt, Helge"]
[Black "Schmuck, Helmut"]
[Result "1/2-1/2"]
[WhiteElo "2087"]
[BlackElo "2120"]
[PlyCount "104"]
[EventDate "2017.10.22"]
[EventType "team-tourn"]
[EventCountry "GER"]
[WhiteTeam "Marburg SK"]
[BlackTeam "Erfurt SV Empor"]
[WhiteTeamCountry "GER"]
[BlackTeamCountry "GER"]

1. d4 d5 2. c4 c6 3. Nf3 Nf6 4. e3 Bf5 5. Nc3 e6 6. Nh4 Bg6 7. Nxg6 hxg6 8. Bd2
Bd6 9. Qb3 Qc7 10. h3 Nbd7 11. Be2 g5 12. O-O-O a6 13. Kb1 b5 14. cxb5 cxb5 15.
f3 Nb6 16. e4 Bf4 17. Rhe1 Bxd2 18. Rxd2 O-O 19. e5 Nh5 20. Bd3 Rfc8 21. Ne2
Nc4 22. Bxc4 bxc4 23. Qe3 Qe7 24. Rc2 g6 25. Rh1 Rab8 26. g4 Nf4 27. Nxf4 gxf4
28. Qxf4 c3 29. h4 Rxb2+ 30. Rxb2 cxb2 31. h5 Qc7 32. Qd2 Qc1+ 33. Rxc1 bxc1=Q+
34. Qxc1 Rxc1+ 35. Kxc1 gxh5 36. gxh5 Kh7 37. Kc2 Kh6 38. Kb3 Kxh5 39. Ka4 Kg5
40. Ka5 Kf4 41. Kxa6 Ke3 42. a4 Kxd4 43. Kb5 Ke3 44. a5 d4 45. a6 d3 46. a7 d2
47. a8=Q d1=Q 48. Qe4+ Kf2 49. Qh4+ Kf1 50. Qh3+ Ke2 51. Qh2+ Ke3 52. Qh6+ Kf2
1/2-1/2

[Event "Oberliga Ost B 2017 2018"]
[Site "Germany"]
[Date "2018.03.18"]
[Round "9.8"]
[White "Pichl, Michael"]
[Black "Cimen, Merih"]
[Result "0-1"]
[WhiteElo "2049"]
[BlackElo "1939"]
[PlyCount "76"]
[EventDate "2017.10.22"]
[EventType "team-tourn"]
[EventCountry "GER"]
[WhiteTeam "Erfurt SV Empor"]
[BlackTeam "Marburg SK"]
[WhiteTeamCountry "GER"]
[BlackTeamCountry "GER"]

1. g3 Nf6 2. Bg2 e5 3. c4 c6 4. d4 e4 5. Nc3 d5 6. cxd5 cxd5 7. Bg5 Nbd7 8. Qb3
Bd6 9. Nh3 h6 10. Bxf6 Nxf6 11. O-O Bb8 12. Rac1 O-O 13. Nf4 Bxf4 14. gxf4 Be6
15. Qxb7 Qd6 16. Nb5 Qb4 17. Qa6 Bc8 18. Rxc8 Rfxc8 19. b3 Rcb8 20. Nc7 Rb6 21.
Qa4 Qxa4 22. bxa4 Rc8 23. Nb5 a6 24. Bh3 Rc2 25. Na7 Rxe2 26. a5 Rb4 27. Bc8
Rxa2 28. Bxa6 Rxd4 29. Nc6 Rdd2 30. Rb1 Rxf2 31. Bf1 Rfb2 32. Rxb2 Rxb2 33. a6
g6 34. a7 Ra2 35. Bh3 Nh5 36. Bc8 e3 37. Bb7 Ra1+ 38. Kg2 Nxf4+ 0-1

[Event "Oberliga Ost B 2017 2018"]
[Site "Germany"]
[Date "2018.03.18"]
[Round "9.2"]
[White "Siebarth, Raiko"]
[Black "Uwira, Oliver"]
[Result "1-0"]
[WhiteElo "2288"]
[BlackElo "2251"]
[PlyCount "85"]
[EventDate "2017.10.22"]
[EventType "team-tourn"]
[EventCountry "GER"]
[WhiteTeam "Stadtilm SG BW"]
[BlackTeam "Frankfurt SC Koenig Nied"]
[WhiteTeamCountry "GER"]
[BlackTeamCountry "GER"]

1. e4 c5 2. Nf3 Nc6 3. d4 cxd4 4. Nxd4 Nf6 5. Nc3 e5 6. Ndb5 d6 7. Bg5 a6 8.
Na3 b5 9. Nd5 Be7 10. Bxf6 Bxf6 11. c4 b4 12. Nc2 a5 13. Qf3 Bg5 14. h4 Bh6 15.
g4 Bf4 16. Nxf4 Qf6 17. O-O-O Qxf4+ 18. Qxf4 exf4 19. f3 Ke7 20. Be2 Be6 21. b3
a4 22. Kb2 Ra5 23. Rd5 Bxd5 24. exd5 Ne5 25. Nxb4 axb3 26. axb3 Rha8 27. Rd1 h6
28. Re1 Kd7 29. Nc2 Ra2+ 30. Kc3 Kc7 31. Bd1 Kb6 32. b4 f6 33. h5 Ra1 34. Nxa1
Rxa1 35. Kb2 Ra7 36. Be2 Re7 37. Rc1 Nxg4 38. c5+ Kc7 39. Bb5 Ne5 40. Rc3 Nd7
41. cxd6+ Kxd6 42. Rc6+ Kxd5 43. Rc7 1-0

[Event "Oberliga Ost B 2017 2018"]
[Site "Germany"]
[Date "2018.03.18"]
[Round "9.3"]
[White "Staller, Peter"]
[Black "Mehlhorn, Uwe"]
[Result "1-0"]
[WhiteElo "2267"]
[BlackElo "2153"]
[PlyCount "63"]
[EventDate "2017.10.22"]
[EventType "team-tourn"]
[EventCountry "GER"]
[WhiteTeam "Frankfurt SC Koenig Nied"]
[BlackTeam "Stadtilm SG BW"]
[WhiteTeamCountry "GER"]
[BlackTeamCountry "GER"]

1. c4 g6 2. Nf3 Bg7 3. d4 d6 4. g3 Bg4 5. Bg2 Nd7 6. h3 Bxf3 7. Bxf3 c6 8. Nc3
Ngf6 9. O-O O-O 10. Bg2 Rb8 11. e3 Qc7 12. a4 a5 13. b3 b6 14. Bb2 Rbd8 15. Qf3
Nb8 16. Rac1 Nfd7 17. d5 Ne5 18. Qe2 cxd5 19. f4 dxc4 20. fxe5 dxe5 21. Nd5 Qd6
22. Qxc4 Nd7 23. Qc7 Nc5 24. Nxe7+ Kh8 25. Qxd6 Rxd6 26. Rcd1 Re6 27. Nd5 e4
28. Ba3 Rc8 29. Bxc5 bxc5 30. Rxf7 c4 31. bxc4 Rxc4 32. Nc7 1-0

[Event "Oberliga Ost B 2017 2018"]
[Site "Germany"]
[Date "2018.03.18"]
[Round "9.4"]
[White "George, Tom"]
[Black "Chandler, Patrick"]
[Result "0-1"]
[WhiteElo "2205"]
[BlackElo "2211"]
[PlyCount "56"]
[EventDate "2017.10.22"]
[EventType "team-tourn"]
[EventCountry "GER"]
[WhiteTeam "Stadtilm SG BW"]
[BlackTeam "Frankfurt SC Koenig Nied"]
[WhiteTeamCountry "GER"]
[BlackTeamCountry "GER"]

1. d4 Nf6 2. c4 e6 3. Nc3 Bb4 4. Qc2 c5 5. dxc5 Bxc5 6. Nf3 Nc6 7. Bf4 a6 8.
Rd1 h6 9. g3 Qe7 10. Bg2 e5 11. Bc1 d6 12. e4 Bg4 13. O-O O-O 14. a3 Rac8 15.
Rd3 Ba7 16. Be3 Bxf3 17. Bxf3 Nd4 18. Bxd4 exd4 19. Ne2 b5 20. Nxd4 Rxc4 21.
Nf5 Qe5 22. Qd2 d5 23. Ne3 Bxe3 24. Rxe3 Nxe4 25. Qa5 Ra4 26. Qb6 Qxb2 27. Rd3
Nf6 28. Re1 Rxa3 0-1

[Event "Oberliga Ost B 2017 2018"]
[Site "Germany"]
[Date "2018.03.18"]
[Round "9.5"]
[White "Graf, Gerd"]
[Black "Siebarth, Marco"]
[Result "1-0"]
[WhiteElo "2231"]
[BlackElo "2024"]
[PlyCount "45"]
[EventDate "2017.10.22"]
[EventType "team-tourn"]
[EventCountry "GER"]
[WhiteTeam "Frankfurt SC Koenig Nied"]
[BlackTeam "Stadtilm SG BW"]
[WhiteTeamCountry "GER"]
[BlackTeamCountry "GER"]

1. Nf3 d5 2. g3 Nf6 3. Bg2 c6 4. O-O e6 5. d3 Be7 6. Nbd2 O-O 7. e4 b6 8. e5
Nfd7 9. Re1 Bb7 10. h4 c5 11. Nf1 Re8 12. N1h2 f6 13. exf6 Bxf6 14. Ng5 Nf8 15.
Ng4 h6 16. Nf3 Nc6 17. Nfe5 Nxe5 18. Nxe5 Bxe5 19. Rxe5 Qf6 20. Re1 Rab8 21.
Qh5 d4 22. Bxb7 Rxb7 23. Qxe8 1-0

[Event "Oberliga Ost B 2017 2018"]
[Site "Germany"]
[Date "2018.03.18"]
[Round "9.6"]
[White "Mann, Jonas"]
[Black "Prenzler, Daniel"]
[Result "0-1"]
[WhiteElo "1885"]
[BlackElo "2166"]
[PlyCount "34"]
[EventDate "2017.10.22"]
[EventType "team-tourn"]
[EventCountry "GER"]
[WhiteTeam "Stadtilm SG BW"]
[BlackTeam "Frankfurt SC Koenig Nied"]
[WhiteTeamCountry "GER"]
[BlackTeamCountry "GER"]

1. c4 Nf6 2. Nc3 g6 3. g3 Bg7 4. Bg2 O-O 5. e4 d6 6. Nge2 c5 7. O-O Nc6 8. d3
Rb8 9. h3 Ne8 10. g4 a6 11. f4 b5 12. Ng3 Qa5 13. f5 bxc4 14. dxc4 Bxc3 15.
bxc3 Qxc3 16. Bf4 Qxc4 17. Kh1 Qd4 0-1

[Event "Oberliga Ost B 2017 2018"]
[Site "Germany"]
[Date "2018.03.18"]
[Round "9.7"]
[White "Haenisch, Uwe"]
[Black "Wolf, Philipp"]
[Result "1-0"]
[WhiteElo "2195"]
[BlackElo "1832"]
[PlyCount "47"]
[EventDate "2017.10.22"]
[EventType "team-tourn"]
[EventCountry "GER"]
[WhiteTeam "Frankfurt SC Koenig Nied"]
[BlackTeam "Stadtilm SG BW"]
[WhiteTeamCountry "GER"]
[BlackTeamCountry "GER"]

1. e4 c5 2. Nc3 e6 3. g3 Nc6 4. Bg2 Qc7 5. d3 Nf6 6. h3 Be7 7. Nge2 d6 8. O-O
Bd7 9. a3 a6 10. Bd2 O-O 11. f4 Rac8 12. g4 Nd4 13. Ng3 Bc6 14. Nce2 d5 15. e5
Nd7 16. c3 Nxe2+ 17. Qxe2 c4 18. d4 Rb8 19. f5 Rfc8 20. Nh5 Bf8 21. fxe6 fxe6
22. Qf2 Nb6 23. Bg5 Be8 24. Qxf8# 1-0

[Event "Oberliga Ost B 2017 2018"]
[Site "Germany"]
[Date "2018.03.18"]
[Round "9.8"]
[White "Schmidt, Daniel"]
[Black "Perlitz, Sven"]
[Result "0-1"]
[WhiteElo "1869"]
[BlackElo "2112"]
[PlyCount "50"]
[EventDate "2017.10.22"]
[EventType "team-tourn"]
[EventCountry "GER"]
[WhiteTeam "Stadtilm SG BW"]
[BlackTeam "Frankfurt SC Koenig Nied"]
[WhiteTeamCountry "GER"]
[BlackTeamCountry "GER"]

1. c4 Nf6 2. Nf3 g6 3. g3 Bg7 4. Bg2 O-O 5. O-O d5 6. cxd5 Nxd5 7. Nc3 Nxc3 8.
bxc3 Nc6 9. d4 Na5 10. Qc2 b6 11. h4 Bb7 12. h5 c5 13. hxg6 hxg6 14. dxc5 Rc8
15. Be3 Nc4 16. Bf4 Rxc5 17. Rac1 Qa8 18. Rfd1 e5 19. Bg5 e4 20. Be7 exf3 21.
Bxc5 bxc5 22. exf3 Ne5 23. Rb1 Bxf3 24. Bxf3 Nxf3+ 25. Kf1 Re8 0-1

[Event "Oberliga Ost B 2017 2018"]
[Site "Germany"]
[Date "2018.03.18"]
[Round "9.1"]
[White "Brueggemann, Ludger"]
[Black "Dubiel, Jacek"]
[Result "0-1"]
[WhiteElo "2285"]
[BlackElo "2429"]
[PlyCount "44"]
[EventDate "2017.10.22"]
[EventType "team-tourn"]
[EventCountry "GER"]
[WhiteTeam "Frankfurter TV"]
[BlackTeam "Oberursel SV"]
[WhiteTeamCountry "GER"]
[BlackTeamCountry "GER"]

1. e4 e5 2. f4 exf4 3. Nf3 d6 4. Nc3 h6 5. d4 g5 6. g3 fxg3 7. hxg3 Bg7 8. Be3
Nf6 9. Qd2 Bg4 10. Bg2 Nc6 11. O-O-O Qd7 12. Bxg5 hxg5 13. Qxg5 Rxh1 14. Rxh1
Kf8 15. e5 dxe5 16. dxe5 Ne8 17. Nh4 Nxe5 18. Rf1 Rd8 19. Be4 Nd6 20. Bh7 Qe7
21. Qf4 Qe6 22. Kb1 Qh6 0-1

[Event "Oberliga Ost B 2017 2018"]
[Site "Germany"]
[Date "2018.03.18"]
[Round "9.2"]
[White "Heinz, Axel"]
[Black "Telljohann, Sven"]
[Result "1/2-1/2"]
[WhiteElo "2435"]
[BlackElo "2391"]
[PlyCount "31"]
[EventDate "2017.10.22"]
[EventType "team-tourn"]
[EventCountry "GER"]
[WhiteTeam "Oberursel SV"]
[BlackTeam "Frankfurter TV"]
[WhiteTeamCountry "GER"]
[BlackTeamCountry "GER"]

1. e4 d5 2. exd5 Qxd5 3. Nc3 Qd6 4. d4 c6 5. Nf3 Bg4 6. Be3 Nf6 7. h3 Bxf3 8.
Qxf3 e6 9. O-O-O Qc7 10. Kb1 Nbd7 11. g4 Nd5 12. Ne4 Nxe3 13. fxe3 Be7 14. Bg2
Nf6 15. Nf2 O-O 16. h4 1/2-1/2

[Event "Oberliga Ost B 2017 2018"]
[Site "Germany"]
[Date "2018.03.18"]
[Round "9.3"]
[White "du Maire, Jerome"]
[Black "Schlamp, Robert"]
[Result "0-1"]
[WhiteElo "2154"]
[BlackElo "2297"]
[PlyCount "62"]
[EventDate "2017.10.22"]
[EventType "team-tourn"]
[EventCountry "GER"]
[WhiteTeam "Frankfurter TV"]
[BlackTeam "Oberursel SV"]
[WhiteTeamCountry "GER"]
[BlackTeamCountry "GER"]

1. d4 Nf6 2. c4 g6 3. g3 Bg7 4. Bg2 O-O 5. Nf3 d6 6. Nc3 Nc6 7. O-O a6 8. Qd3
Rb8 9. d5 Ne5 10. Nxe5 dxe5 11. e4 b5 12. cxb5 axb5 13. Rd1 Bg4 14. f3 Bd7 15.
a3 Ne8 16. Be3 Nd6 17. Bc5 f5 18. b3 h5 19. a4 h4 20. Nxb5 Nxb5 21. axb5 Bxb5
22. Qc3 hxg3 23. hxg3 fxe4 24. fxe4 Qd7 25. Rd2 Rf7 26. Rf2 Rbf8 27. Rxf7 Rxf7
28. Ra7 Qg4 29. Rxc7 Qd1+ 30. Kh2 Bf8 31. Be3 Rh7+ 0-1

[Event "Oberliga Ost B 2017 2018"]
[Site "Germany"]
[Date "2018.03.18"]
[Round "9.4"]
[White "Haubt, Georg"]
[Black "Diyap, Murat"]
[Result "0-1"]
[WhiteElo "2183"]
[BlackElo "2093"]
[PlyCount "72"]
[EventDate "2017.10.22"]
[EventType "team-tourn"]
[EventCountry "GER"]
[WhiteTeam "Oberursel SV"]
[BlackTeam "Frankfurter TV"]
[WhiteTeamCountry "GER"]
[BlackTeamCountry "GER"]

1. d4 d5 2. Bf4 Nf6 3. e3 Bf5 4. Nd2 e6 5. c4 Bd6 6. Bg5 Be7 7. Qb3 b6 8. cxd5
exd5 9. Ngf3 O-O 10. Rc1 c5 11. Ne5 c4 12. Qd1 h6 13. Bf4 b5 14. g4 Bh7 15. Bg2
Qa5 16. a3 Ne4 17. Ke2 f6 18. Nef3 c3 19. Nb3 Qa6 20. bxc3 Bxa3 21. Nfd2 Bxc1
22. Nxe4 b4+ 23. Ke1 Bxe4 24. Bxe4 dxe4 25. Qxc1 bxc3 26. Qxc3 Nd7 27. Nc5 Nxc5
28. dxc5 Rfd8 29. Bd6 Rac8 30. Qb3+ Kh8 31. Qb2 Qd3 32. Qa1 Rb8 33. Bxb8 Rxb8
34. Rf1 Rb1+ 35. Qxb1 Qxb1+ 36. Ke2 Qb5+ 0-1

[Event "Oberliga Ost B 2017 2018"]
[Site "Germany"]
[Date "2018.03.18"]
[Round "9.5"]
[White "Henrich, David"]
[Black "Oparaugo, Thomas"]
[Result "1-0"]
[WhiteElo "2092"]
[BlackElo "2095"]
[PlyCount "81"]
[EventDate "2017.10.22"]
[EventType "team-tourn"]
[EventCountry "GER"]
[WhiteTeam "Frankfurter TV"]
[BlackTeam "Oberursel SV"]
[WhiteTeamCountry "GER"]
[BlackTeamCountry "GER"]

1. c4 e5 2. g3 Nf6 3. Bg2 c6 4. d4 Bb4+ 5. Bd2 Qe7 6. dxe5 Bxd2+ 7. Qxd2 Qxe5
8. Nf3 Qe7 9. Nc3 O-O 10. O-O Rd8 11. e4 Nxe4 12. Nxe4 Qxe4 13. Rfe1 Qxc4 14.
Rac1 Qd5 15. Qf4 d6 16. Rcd1 Qf5 17. Qxd6 Qd7 18. Qxd7 Bxd7 19. Bh3 f6 20. Re7
Kf8 21. Rexd7 Nxd7 22. Rxd7 Rxd7 23. Bxd7 Rd8 24. Be6 Rd1+ 25. Kg2 Ke7 26. Bg8
h6 27. b4 Kd6 28. Bb3 Rd3 29. Ne1 Rd2 30. Kf3 Rd4 31. Nc2 Rd1 32. Ne3 Rh1 33.
Kg2 Re1 34. Nf5+ Ke5 35. Nxg7 Kd4 36. Nf5+ Kc3 37. Nxh6 Kxb4 38. Ng4 c5 39. Ne3
Rxe3 40. fxe3 c4 41. h4 1-0